000 00269nam a22001217a 4500
008 181205b xxu||||| |||| 00| 0 eng d
041 _aeng
080 _a610
100 _a3
101 _aSHM
245 _aIshiars Test Colour Blindess
_cJames .D
942 _2udc
_cBK
999 _c52843
_d52843